[Event "FIDE World Bl Team Pool B"]
[Site "Almaty"]
[Date "2024.08.05"]
[Round "6.22"]
[White "Sameh Mohamed, Abdalrahman"]
[Black "Akhmedya, Madyar"]
[Result "1-0"]
[WhiteElo "2259"]
[BlackElo "1786"]
[PlyCount "130"]
[EventDate "2024.08.05"]
[EventType "team (blitz)"]
[EventRounds "7"]
[EventCountry "KAZ"]
[SourceTitle "CBM 221 Extra"]
[Source "ChessBase"]
[SourceDate "2024.09.30"]
[SourceVersion "1"]
[SourceVersionDate "2024.09.30"]
[SourceQuality "1"]
[WhiteTeam "Egypt"]
[BlackTeam "Chess Mates"]
[WhiteTeamCountry "EGY"]
[BlackTeamCountry "KAZ"]

1. e4 c5 2. Nc3 Nc6 3. f4 e6 4. Nf3 d5 5. Bb5 d4 6. Bxc6+ bxc6 7. Ne2 Nf6 8. d3 Be7 9. b3 0-0 10. 0-0 a5 11. a4 h6 12. Ba3 Ng4 13. Qd2 Ne3 14. Rf2 Qc7 15. Ng3 Ba6 16. Nf1 Nxf1 17. Rfxf1 Bd6 18. e5 Be7 19. Qe2 c4 20. bxc4 Bxa3 21. Rxa3 c5 22. Nd2 Rab8 23. Nb3 Bb7 24. Qd2 Ra8 25. Rb1 Rfb8 26. Nc1 Qc6 27. Rab3 Ra7 28. Rb5 Qc7 29. Nb3 Raa8 30. Rxc5 Qd7 31. Rb5 Bc6 32. Nc5 Qc7 33. Rxb8+ Rxb8 34. Rxb8+ Qxb8 35. Nb3 Bxa4 36. Nxa5 Qb1+ 37. Kf2 Bxc2 38. c5 Bxd3 39. c6 Ba6 40. Kg3 Qg6+ 41. Kf2 Qb1 42. c7 d3 43. Qc3 Qc2+ 44. Qxc2 dxc2 45. Nb3 Bc8 46. Ke3 g6 47. Kd2 Kf8 48. Na5 Ke7 49. Kxc2 Kd7 50. Nc4 Kxc7 51. Nd6 Bb7 52. g3 f6 53. Ne8+ Kd7 54. Nxf6+ Ke7 55. Ng8+ Kf8 56. Nxh6 Bf3 57. h3 Kg7 58. Ng4 Kf7 59. Kd3 Bg2 60. Nf2 Bb7 61. Kd4 Kg7 62. Ne4 Bc8 63. Ng5 Kh6 64. Kc5 Kg7 65. Kd6 Ba6 1-0

[Event "FIDE World Rapid Team"]
[Site "Almaty"]
[Date "2024.08.02"]
[Round "4.40"]
[White "Sameh Mohamed, Abdalrahman"]
[Black "Yunusov, Nuriddin"]
[Result "0-1"]
[WhiteElo "2259"]
[BlackElo "1925"]
[PlyCount "132"]
[EventDate "2024.08.02"]
[EventType "team (rapid)"]
[EventRounds "12"]
[EventCountry "KAZ"]
[SourceTitle "CBM 221 Extra"]
[Source "ChessBase"]
[SourceDate "2024.09.30"]
[SourceVersion "1"]
[SourceVersionDate "2024.09.30"]
[SourceQuality "1"]
[WhiteTeam "Egypt"]
[BlackTeam "Noval Group Kyrgyzstan"]
[WhiteTeamCountry "EGY"]
[BlackTeamCountry "KGZ"]

1. e4 e5 2. Bc4 Nc6 3. Nc3 Nf6 4. d3 Na5 5. Qf3 c6 6. Bb3 d6 7. Nge2 Be7 8. h3 0-0 9. Bg5 h6 10. Bd2 Nxb3 11. axb3 d5 12. Qg3 d4 13. Nd1 Qd6 14. f4 Nh5 15. Qf3 Nxf4 16. Nxf4 exf4 17. Bxf4 Qb4+ 18. Bd2 Qc5 19. Rc1 f5 20. 0-0 fxe4 21. Qxe4 Rxf1+ 22. Kxf1 Bf5 23. Qe2 Rf8 24. Kg1 Bh4 25. b4 Qd6 26. Be1 Bg5 27. Ra1 a6 28. Ra5 Bg6 29. Bd2 Re8 30. Qf2 Bf6 31. Rc5 b6 32. Bf4 Qd7 33. Rc4 Bf7 34. b3 Bxc4 35. bxc4 Qe7 36. Bd2 Qe2 37. Nb2 Qxf2+ 38. Kxf2 b5 39. c5 Kf7 40. Nd1 Kg6 41. Kf1 Bg5 42. Be1 Kf5 43. Nf2 Bh4 44. Ne4 Bxe1 45. Nd6+ Kg6 46. Nxe8 Bxb4 47. Nc7 a5 48. Ne6 a4 49. Nxd4 a3 50. Nb3 a2 51. Ke2 Bc3 52. Ke3 Kf5 53. g4+ Ke5 54. d4+ Bxd4+ 55. Nxd4 a1Q 56. Nxc6+ Kd5 57. Ne7+ Kxc5 58. Nf5 g6 59. Ng3 Qc3+ 60. Kf2 Qxc2+ 61. Kf3 Qd3+ 62. Kf2 b4 63. h4 b3 64. h5 gxh5 65. gxh5 b2 66. Ne2 b1Q 0-1

[Event "Africa-ch U10"]
[Site "Johannesburg"]
[Date "2024.06.19"]
[Round "6"]
[White "Manyeki, Nathaniel"]
[Black "Sameh Mohamed, Abdalrahman"]
[Result "0-1"]
[WhiteElo "1698"]
[BlackElo "1987"]
[PlyCount "66"]
[EventDate "2024.06.16"]
[EventType "swiss"]
[EventRounds "9"]
[EventCountry "RSA"]
[SourceTitle "EXT 2025"]
[Source "ChessBase"]
[SourceDate "2024.10.14"]
[SourceVersion "1"]
[SourceVersionDate "2024.10.14"]
[SourceQuality "1"]

1. Nf3 Nc6 2. c4 e5 3. Nc3 f5 4. d4 e4 5. Ne5 Nf6 6. e3 Bb4 7. Qb3 Bxc3+ 8. Qxc3 d6 9. Nxc6 bxc6 10. d5 cxd5 11. cxd5 0-0 12. Bc4 Bb7 13. 0-0 Qe7 14. Rd1 Nd7 15. b4 Ne5 16. Bb2 Qg5 17. Qb3 Ng6 18. Kh1 Rf7 19. a4 Raf8 20. g3 Qh5 21. Qc2 Re7 22. Qe2 Qh6 23. Rg1 Nh8 24. Bd4 Nf7 25. g4 Ng5 26. Rg3 fxg4 27. Rag1 Bc8 28. R1g2 Nf3 29. Bxa7 Re5 30. h3 Rh5 31. Bd4 Rxh3+ 32. Rxh3 Qxh3+ 33. Rh2 Qxh2# 0-1

[Event "Africa-ch U10"]
[Site "Johannesburg"]
[Date "2024.06.17"]
[Round "2"]
[White "Rakotomalala, Andrianina"]
[Black "Sameh Mohamed, Abdalrahman"]
[Result "0-1"]
[WhiteElo "1467"]
[BlackElo "1987"]
[PlyCount "40"]
[EventDate "2024.06.16"]
[EventType "swiss"]
[EventRounds "9"]
[EventCountry "RSA"]
[SourceTitle "EXT 2025"]
[Source "ChessBase"]
[SourceDate "2024.10.14"]
[SourceVersion "1"]
[SourceVersionDate "2024.10.14"]
[SourceQuality "1"]

1. c4 e5 2. Nf3 Nc6 3. g3 f5 4. Bg2 Nf6 5. 0-0 Be7 6. d4 e4 7. Ne1 0-0 8. b3 d6 9. Bb2 Qe8 10. d5 Ne5 11. f4 Neg4 12. Nc2 Qg6 13. Nc3 Nxh2 14. Kxh2 Ng4+ 15. Kg1 Qh5 16. Re1 Qh2+ 17. Kf1 Qxg3 18. Kg1 Qh2+ 19. Kf1 Qxf4+ 20. Kg1 Bh4 0-1